000 00364nam a2200121Ia 4500
020 _a9781859844663
100 _aArchon Fung|Erick Olin Wright
245 0 _aDeepening Democracy : Institutional Innovations in Empowered Participating Governance
264 _bVerso
_c2003
300 _a312
942 _cIR
999 _c120685
_d120685